[Event "8. LGA Premium Cup 2011"]
[Site "Nürnberg"]
[Date "2011.09.10"]
[Round "4.88"]
[White "Reichel, Günther"]
[Black "Weißbeck, Wolf-Dieter"]
[Result "0-1"]
[WhiteElo "1534"]
[BlackElo "1705"]
[PlyCount "70"]
[EventDate "2011.??.??"]
[WhiteTeam "SC-SF 1957 Stockstadt"]
[BlackTeam "SV Alsfeld"]

1. b3 Nf6 2. Bb2 e6 3. e3 d5 4. f4 c5 5. Nf3 Nc6 6. Bb5 Bd7 7. O-O Be7 8. Nc3
O-O 9. Qe1 Nb4 10. Qc1 a6 11. Bxd7 Nxd7 12. a3 Nc6 13. Ne2 Bf6 14. c3 b5 15.
Qc2 Na5 16. Ng3 Qb6 17. Rf2 e5 18. Nh5 e4 19. Nxf6+ Nxf6 20. Ne5 Nc6 21. Nxc6
Qxc6 22. h3 Rfe8 23. Rff1 a5 24. a4 Reb8 25. axb5 Qxb5 26. Ra3 a4 27. c4 axb3
28. Qc3 dxc4 29. Rfa1 Rxa3 30. Rxa3 Re8 31. Qc1 Nd5 32. Qa1 c3 33. Bxc3 Nxc3
34. Qxc3 b2 35. Rb3 b1=Q+ 0-1

[Event "8. LGA Premium Cup 2011"]
[Site "Nürnberg"]
[Date "2011.09.10"]
[Round "4.89"]
[White "Felser, Martin"]
[Black "Dreiseitel, Werner"]
[Result "1-0"]
[WhiteElo "1751"]
[BlackElo "1455"]
[PlyCount "77"]
[EventDate "2011.??.??"]
[WhiteTeam "SK Marktoberdorf"]
[BlackTeam "SC Noris-Tarrasch Nürnberg 1873"]

1. Nf3 d5 2. d4 c6 3. g3 Nf6 4. Bg2 Bf5 5. O-O h6 6. Nbd2 e6 7. c4 Be7 8. b3
O-O 9. Bb2 Nbd7 10. a3 a5 11. Re1 Re8 12. h3 Qc7 13. Rc1 Qb6 14. c5 Qd8 15. e3
Qb8 16. Qe2 b6 17. Ne5 Nxe5 18. dxe5 Nd7 19. e4 Bh7 20. exd5 cxd5 21. cxb6 Qxb6
22. Qe3 Bc5 23. Qe2 Qa7 24. Qf3 Rec8 25. Bf1 Bb6 26. Bb5 Rxc1 27. Rxc1 Nf8 28.
a4 Bc5 29. h4 Ng6 30. Bd3 Bd4 31. Bxd4 Qxd4 32. Bxg6 Bxg6 33. Qc3 Qa7 34. Qc5
Qb7 35. Qc6 Qb4 36. Qxa8+ Kh7 37. Rc8 Bf5 38. h5 g5 39. Rh8+ 1-0

[Event "8. LGA Premium Cup 2011"]
[Site "Nürnberg"]
[Date "2011.09.10"]
[Round "4.91"]
[White "Thürauf, Peter"]
[Black "Krawczyk, Harald"]
[Result "1-0"]
[WhiteElo "1854"]
[BlackElo "1526"]
[PlyCount "87"]
[EventDate "2011.??.??"]
[WhiteTeam "SW Nürnberg Süd e.V."]
[BlackTeam "SV Rot-Weiß Neuenhagen"]

1. d4 Nf6 2. Nf3 d5 3. c4 c6 4. Nc3 Bg4 5. Qb3 Qb6 6. cxd5 Qxb3 7. axb3 Bxf3 8.
gxf3 Nxd5 9. e4 Nb4 10. Kd1 e6 11. Rg1 g6 12. Bd2 Bd6 13. h4 h5 14. Ra4 N4a6
15. f4 Nc7 16. f3 Nd7 17. Bh3 a6 18. f5 Rg8 19. e5 Be7 20. f6 Bf8 21. Ne4 Nb5
22. Ba5 Rc8 23. Ng5 Bh6 24. Bxe6 Bxg5 25. Bxd7+ Kxd7 26. Rxg5 Ke6 27. Bb6 Kd5
28. Ke2 Rge8 29. Rc4 Re6 30. Rc5+ Kxd4 31. Rxc6+ Kd5 32. Rxc8 Rxb6 33. Rd8+ Ke6
34. Re8+ Kd7 35. Re7+ Kd8 36. Rxf7 Nd4+ 37. Kf2 Ke8 38. Rh7 Rxb3 39. Rxg6 Kf8
40. Rh8+ Kf7 41. Rg7+ Ke6 42. Re7+ Kd5 43. Rd8+ Kc4 44. Rxd4+ 1-0

[Event "8. LGA Premium Cup 2011"]
[Site "Nürnberg"]
[Date "2011.09.10"]
[Round "4.92"]
[White "Holzmayr, Norbert"]
[Black "Anicic, Dragan"]
[Result "1-0"]
[WhiteElo "1840"]
[BlackElo "1540"]
[PlyCount "95"]
[EventDate "2011.??.??"]
[WhiteTeam "SV Ilmmünster"]
[BlackTeam "SC Noris-Tarrasch Nürnberg 1873"]

1. d4 Nf6 2. Bg5 Ne4 3. Bf4 d5 4. f3 Nf6 5. e4 g6 6. e5 Nh5 7. Be3 Nc6 8. Nc3
Ng7 9. f4 Nf5 10. Bf2 e6 11. Nf3 h5 12. Rg1 Bd7 13. Ng5 f6 14. Nf3 fxe5 15.
fxe5 Qe7 16. a3 a6 17. Bd3 O-O-O 18. Bxf5 gxf5 19. Bh4 Qg7 20. Bf6 Qh6 21. Qd2
Qg6 22. Qg5 Rg8 23. Qxg6 Rxg6 24. Bxd8 Kxd8 25. Kf2 Bh6 26. g3 Rg4 27. Rad1 Be8
28. h3 Rg8 29. Ne2 Na5 30. b3 Bf8 31. a4 c5 32. Nf4 Kd7 33. Rge1 c4 34. bxc4
Nxc4 35. Rb1 b6 36. h4 Bh6 37. Nd3 a5 38. Nb2 Na3 39. Rbd1 Nxc2 40. Re2 Rg4 41.
Rd3 Nb4 42. Rc3 f4 43. gxf4 Bxf4 44. Nd3 Bg3+ 45. Kf1 Nc6 46. Rec2 Bg6 47. Nde1
Ne7 48. Rb2 1-0

[Event "8. LGA Premium Cup 2011"]
[Site "Nürnberg"]
[Date "2011.09.10"]
[Round "4.93"]
[White "Babichev, Vyacheslav"]
[Black "Forster, Stephan"]
[Result "1-0"]
[WhiteElo "1732"]
[BlackElo "1464"]
[PlyCount "113"]
[EventDate "2011.??.??"]
[WhiteTeam "SW Nürnberg Süd e.V."]
[BlackTeam "SG Siemens Amberg"]

1. e4 c5 2. c3 d6 3. Bc4 Nf6 4. d3 g6 5. Nf3 Bg7 6. Qa4+ Nfd7 7. Ng5 O-O 8. f4
Nb6 9. Qb3 Nxc4 10. Qxc4 Nc6 11. Qb3 h6 12. Nf3 Kh7 13. Qc2 e6 14. Nbd2 f5 15.
O-O b5 16. Re1 b4 17. Nc4 a5 18. e5 dxe5 19. fxe5 Ba6 20. Be3 Qe7 21. Bf2 Bxc4
22. dxc4 bxc3 23. Qxc3 Rfd8 24. Rad1 g5 25. Qe3 Bf8 26. h3 Ra7 27. Rxd8 Qxd8
28. Qb3 Rd7 29. Qb5 Nd4 30. Nxd4 cxd4 31. c5 d3 32. Rd1 d2 33. c6 Rf7 34. Bb6
Qb8 35. Qxa5 Bg7 36. Bd4 Rc7 37. Qxd2 Rxc6 38. Bc3 Kg6 39. Qd7 Qb6+ 40. Kh1 Qb5
41. Qe8+ Kh7 42. Re1 Qc4 43. Qd7 Ra6 44. a3 Kg6 45. Qd4 Qc6 46. Qd8 Ra8 47. Qd6
Qe8 48. Rd1 Qg8 49. Qc6 Rc8 50. Qd7 Re8 51. a4 Qf8 52. a5 Re7 53. Qd6 Qe8 54.
b4 Bf8 55. Qd8 Qa4 56. Ra1 Re8 57. Qf6+ 1-0

[Event "8. LGA Premium Cup 2011"]
[Site "Nürnberg"]
[Date "2011.09.10"]
[Round "5.1"]
[White "Sanikidze, Tornike"]
[Black "Baramidze, David"]
[Result "1/2-1/2"]
[WhiteElo "2512"]
[BlackElo "2595"]
[PlyCount "31"]
[EventDate "2011.??.??"]
[WhiteTeam "SG Trier"]
[BlackTeam "SV Hockenheim"]

1. d4 Nf6 2. c4 e6 3. Nf3 d5 4. Nc3 Be7 5. Bg5 h6 6. Bh4 O-O 7. e3 Ne4 8. Bxe7
Qxe7 9. Rc1 c6 10. Bd3 Nxc3 11. Rxc3 Nd7 12. O-O dxc4 13. Bxc4 b6 14. Bd3 c5
15. Be4 Rb8 16. Qc2 1/2-1/2

[Event "8. LGA Premium Cup 2011"]
[Site "Nürnberg"]
[Date "2011.09.10"]
[Round "5.2"]
[White "Schramm, Christian"]
[Black "Braun, Arik"]
[Result "0-1"]
[WhiteElo "2297"]
[BlackElo "2557"]
[PlyCount "40"]
[EventDate "2011.??.??"]
[WhiteTeam "SC 1959 Obernau"]
[BlackTeam "SC Eppingen"]

1. e4 e6 2. d4 d5 3. Nc3 Bb4 4. e5 c5 5. a3 Bxc3+ 6. bxc3 Qc7 7. Qg4 f5 8. Qh5+
g6 9. Qd1 Bd7 10. h4 h6 11. a4 cxd4 12. cxd4 Qc3+ 13. Bd2 Qxd4 14. Ne2 Qc5 15.
Rb1 Qc7 16. Bb4 Ne7 17. Qd2 Nc8 18. Rh3 Nc6 19. Rc3 Kf7 20. Kd1 Qb6 0-1

[Event "8. LGA Premium Cup 2011"]
[Site "Nürnberg"]
[Date "2011.09.10"]
[Round "5.3"]
[White "Olszewski, Michal"]
[Black "Mihok, Oliver"]
[Result "0-1"]
[WhiteElo "2516"]
[BlackElo "2431"]
[PlyCount "64"]
[EventDate "2011.??.??"]
[WhiteTeam "DJK Aufwärts St. Josef Aachen 19"]
[BlackTeam "Sfrd. Berlin 1903 e.V."]

1. d4 d5 2. c4 c6 3. Nf3 Nf6 4. Nc3 e6 5. g3 dxc4 6. Bg2 b5 7. Ne5 Nd5 8. O-O
Bb7 9. a4 a6 10. f4 Nd7 11. e4 Nb4 12. Be3 Be7 13. b3 Nxe5 14. fxe5 O-O 15.
bxc4 bxc4 16. Rb1 a5 17. Qh5 Ba6 18. d5 cxd5 19. exd5 exd5 20. Rbd1 Bb7 21. Ne4
Ra6 22. Nf6+ Bxf6 23. exf6 Rxf6 24. Bd4 Rxf1+ 25. Rxf1 Qe7 26. Rf4 f6 27. Rh4
g5 28. Rg4 Bc8 29. h4 Qf7 30. Rxg5+ fxg5 31. Qxg5+ Qg6 32. Qe5 Re8 0-1

[Event "8. LGA Premium Cup 2011"]
[Site "Nürnberg"]
[Date "2011.09.10"]
[Round "5.4"]
[White "Mainka, Romuald"]
[Black "Vidonyak, Roman"]
[Result "*"]
[WhiteElo "2442"]
[BlackElo "2413"]
[PlyCount "74"]
[EventDate "2011.??.??"]
[WhiteTeam "SC Hansa Dortmund e.V."]
[BlackTeam "TV Tegernsee"]

1. e4 c5 2. Nf3 e6 3. Nc3 Nc6 4. Bb5 Nd4 5. O-O a6 6. Bd3 Nxf3+ 7. Qxf3 Qc7 8.
Be2 Bd6 9. Qh3 Be5 10. d3 Ne7 11. f4 Bd4+ 12. Kh1 d5 13. Nd1 dxe4 14. dxe4 c4
15. c3 Ba7 16. Be3 b5 17. Bxa7 Rxa7 18. Ne3 O-O 19. e5 f5 20. exf6 Rxf6 21. Bh5
Rxf4 22. Rxf4 Qxf4 23. Rf1 e5 24. Rxf4 Bxh3 25. Re4 Be6 26. Rxe5 Bf7 27. Bxf7+
Kxf7 28. h3 Ng6 29. Rf5+ Ke6 30. Rc5 Ne5 31. b3 cxb3 32. axb3 Nd7 33. Rc6+ Ke5
34. Rc8 a5 35. c4 a4 36. cxb5 axb3 37. Rc3 b2 *

[Event "8. LGA Premium Cup 2011"]
[Site "Nürnberg"]
[Date "2011.09.10"]
[Round "5.5"]
[White "Schneider, Ilja"]
[Black "Klundt, Klaus"]
[Result "1-0"]
[WhiteElo "2417"]
[BlackElo "2356"]
[PlyCount "101"]
[EventDate "2011.??.??"]
[WhiteTeam "Sfrd. Berlin 1903 e.V."]
[BlackTeam "SC Heusenstamm"]

1. d4 d5 2. c4 c6 3. Nf3 Nf6 4. e3 e6 5. Nc3 Nbd7 6. Qc2 Bd6 7. e4 dxe4 8. Nxe4
Nxe4 9. Qxe4 Bb4+ 10. Bd2 Bxd2+ 11. Nxd2 O-O 12. O-O-O c5 13. Nf3 Qa5 14. Kb1
Nf6 15. Qe3 Rd8 16. Be2 cxd4 17. Rxd4 Rxd4 18. Qxd4 Bd7 19. Ne5 Ba4 20. b3 Rd8
21. Qe3 Be8 22. Rd1 Rxd1+ 23. Bxd1 Nd7 24. Nxd7 Bxd7 25. Bf3 Bc6 26. Bxc6 bxc6
27. Kb2 g6 28. a3 c5 29. Qc3 Qc7 30. g3 a5 31. b4 axb4 32. axb4 cxb4 33. Qxb4
f6 34. c5 Kf7 35. Qb6 Qe5+ 36. Kb3 Qd5+ 37. Kb4 Ke8 38. Qc7 Qd7 39. Qxd7+ Kxd7
40. Kb5 Kc7 41. c6 e5 42. g4 f5 43. gxf5 gxf5 44. Kc5 e4 45. Kd5 Kd8 46. Ke5
Kc7 47. Kxf5 Kxc6 48. Kxe4 Kd6 49. Kf5 Ke7 50. f4 Kf7 51. Ke5 1-0

[Event "8. LGA Premium Cup 2011"]
[Site "Nürnberg"]
[Date "2011.09.10"]
[Round "5.6"]
[White "Tischbierek, Raj"]
[Black "Nuber, Korbinian"]
[Result "1-0"]
[WhiteElo "2442"]
[BlackElo "2297"]
[PlyCount "71"]
[EventDate "2011.??.??"]
[WhiteTeam "USV TU Dresden"]
[BlackTeam "SC Dillingen"]

1. d4 d5 2. c4 c6 3. Nf3 Nf6 4. Nc3 a6 5. a4 e6 6. g3 Nbd7 7. Bg2 Be7 8. O-O
O-O 9. Qc2 b6 10. e4 dxc4 11. Nd2 Bb7 12. Nxc4 b5 13. Ne3 Qb6 14. Rd1 Rfd8 15.
b3 e5 16. a5 Qa7 17. Nf5 Bf8 18. dxe5 Nxe5 19. Be3 Qb8 20. Bg5 Bb4 21. Bxf6
gxf6 22. Ne2 Rxd1+ 23. Rxd1 Qf8 24. Nf4 Bxa5 25. Nh5 Rd8 26. Nxf6+ Kh8 27. f4
Rxd1+ 28. Qxd1 Qc5+ 29. Kh1 Ng6 30. Nd6 Ba8 31. e5 Bb6 32. Nxf7+ Kg7 33. Ng5
Nf8 34. Nfxh7 Qa3 35. Nxf8 Kxf8 36. h4 1-0

[Event "8. LGA Premium Cup 2011"]
[Site "Nürnberg"]
[Date "2011.09.10"]
[Round "5.7"]
[White "Pezerovic, Edin"]
[Black "Kunin, Vitaly"]
[Result "1/2-1/2"]
[WhiteElo "2406"]
[BlackElo "2581"]
[PlyCount "73"]
[EventDate "2011.??.??"]
[WhiteTeam "TV Tegernsee"]
[BlackTeam "Freibauer Mörlenbach-Birkenau"]

1. d4 Nf6 2. Nf3 e6 3. Bf4 c5 4. e3 Be7 5. c3 Nh5 6. Bg3 O-O 7. dxc5 Nxg3 8.
hxg3 Bxc5 9. Bd3 g6 10. Qa4 Qf6 11. Nbd2 d5 12. O-O-O Rd8 13. Rh4 Bf8 14. Rdh1
h6 15. g4 Bg7 16. Rxh6 Bxh6 17. Rxh6 Nc6 18. g5 Qg7 19. Qh4 b5 20. Bxb5 Ne7 21.
Bd3 e5 22. Nxe5 Bf5 23. Ng4 Bxg4 24. Qxg4 Rab8 25. Nf3 Rb6 26. Qd4 Rdb8 27. Ne5
Rxb2 28. Nd7 Qxd4 29. cxd4 R8b7 30. Nf6+ Kf8 31. Ba6 Rb1+ 32. Kc2 R7b2+ 33. Kc3
Rxf2 34. Rh8+ Kg7 35. Rh7+ Kf8 36. Rh8+ Kg7 37. Rh7+ 1/2-1/2

[Event "8. LGA Premium Cup 2011"]
[Site "Nürnberg"]
[Date "2011.09.10"]
[Round "5.8"]
[White "Renner, Christoph"]
[Black "Hector, Jonny"]
[Result "0-1"]
[WhiteElo "2405"]
[BlackElo "2532"]
[PlyCount "90"]
[EventDate "2011.??.??"]
[WhiteTeam "FC Bayern München e.V."]
[BlackTeam "SK Turm Emsdetten e.V."]

1. e4 e5 2. Nf3 Nc6 3. Bc4 Nf6 4. d3 Be7 5. O-O O-O 6. Nbd2 d6 7. a4 Kh8 8. c3
Ng8 9. d4 f5 10. dxe5 dxe5 11. b4 Bd6 12. b5 Na5 13. Bd3 f4 14. c4 b6 15. Bb2
Qe7 16. c5 bxc5 17. Bc3 Nb7 18. Nc4 Bg4 19. Be2 Bxf3 20. Bxf3 Nf6 21. Ra2 Nd8
22. Rd2 Nf7 23. Qe2 Qe6 24. Rfd1 Be7 25. h3 h6 26. a5 Rab8 27. Rb2 Rfd8 28.
Rdb1 Bd6 29. b6 axb6 30. axb6 cxb6 31. Rxb6 Rxb6 32. Rxb6 Qe7 33. Qb2 Bc7 34.
Rc6 Ng5 35. Bxe5 Nxf3+ 36. gxf3 Qe8 37. Bxf6 Rd1+ 38. Kh2 Qxc6 39. Bxg7+ Kh7
40. Bf6 Bd8 41. Qc2 Qd7 42. e5+ Qd3 43. Qa2 Qg6 44. h4 Bxf6 45. exf6 h5 0-1

[Event "8. LGA Premium Cup 2011"]
[Site "Nürnberg"]
[Date "2011.09.10"]
[Round "5.9"]
[White "Köpke, Christian"]
[Black "Prusikin, Michael"]
[Result "1/2-1/2"]
[WhiteElo "2319"]
[BlackElo "2507"]
[PlyCount "30"]
[EventDate "2011.??.??"]
[WhiteTeam "SC Tarrasch 45 München"]
[BlackTeam "SC Forchheim e.V."]

1. e4 e5 2. Nf3 Nc6 3. Bb5 a6 4. Ba4 Nf6 5. O-O Be7 6. Re1 b5 7. Bb3 d6 8. c3
O-O 9. d4 Bg4 10. Be3 exd4 11. cxd4 Na5 12. Bc2 Nc4 13. Bc1 c5 14. b3 Nb6 15.
Nbd2 Rc8 1/2-1/2

[Event "8. LGA Premium Cup 2011"]
[Site "Nürnberg"]
[Date "2011.09.10"]
[Round "5.10"]
[White "Ginsburg, Gennadi"]
[Black "Zude, Arno"]
[Result "1-0"]
[WhiteElo "2483"]
[BlackElo "2379"]
[PlyCount "115"]
[EventDate "2011.??.??"]
[WhiteTeam "SV 1920 Hofheim"]
[BlackTeam "SV 1920 Hofheim"]

1. e4 e5 2. Nf3 Nc6 3. Bb5 a6 4. Ba4 d6 5. c3 Bd7 6. O-O Nf6 7. Re1 g6 8. d4
Bg7 9. Bg5 O-O 10. Nbd2 h6 11. Bh4 Qe8 12. Bb3 Qc8 13. dxe5 Nxe5 14. Nxe5 dxe5
15. Nc4 Re8 16. Qf3 Bg4 17. Qe3 g5 18. Bg3 Nd7 19. Qc1 Nc5 20. Bc2 b5 21. Ne3
Nb7 22. a4 Be6 23. h4 Rb8 24. axb5 axb5 25. hxg5 hxg5 26. Nf5 Bxf5 27. exf5 Qd8
28. f3 Qf6 29. Bf2 Bf8 30. Re4 Bh6 31. Rg4 Kh8 32. Be3 Rg8 33. Kf2 Nd6 34. Qh1
Rg7 35. Qh5 Rbg8 36. Rh1 Rh7 37. Be4 Rgg7 38. Bc5 Nxf5 39. Rd1 Rg8 40. Rh1 Kg7
41. Re1 Rd8 42. Re2 Rhh8 43. Bxf5 Qxf5 44. Be7 f6 45. Bxd8 Rxd8 46. Rge4 Qe6
47. g4 Qb6+ 48. R4e3 b4 49. cxb4 Qxb4 50. Qh1 Qb6 51. Qc1 Kh8 52. Rc2 Rd3 53.
Rxc7 Rxe3 54. Rc8+ Bf8 55. Qxe3 Qxb2+ 56. Kg3 Kg7 57. Qa7+ Kg8 58. Qe7 1-0

[Event "8. LGA Premium Cup 2011"]
[Site "Nürnberg"]
[Date "2011.09.10"]
[Round "5.11"]
[White "Troyke, Christian"]
[Black "Luther, Thomas"]
[Result "1/2-1/2"]
[WhiteElo "2325"]
[BlackElo "2493"]
[PlyCount "45"]
[EventDate "2011.??.??"]
[WhiteTeam "Erfurter SK"]
[BlackTeam "SV Empor Erfurt"]

1. g3 e5 2. c4 Nf6 3. Bg2 d5 4. cxd5 Nxd5 5. Nc3 Nb6 6. Nf3 Nc6 7. O-O Be7 8.
b3 O-O 9. Bb2 Re8 10. Rc1 Bf8 11. d3 Nd4 12. Nd2 c6 13. e3 Nf5 14. Qc2 Qe7 15.
Nf3 Nd6 16. Ba3 Bg4 17. h3 Bh5 18. Ne4 Qc7 19. Nc5 Nd7 20. Bb2 f6 21. Na4 Bf7
22. e4 Nb5 23. d4 1/2-1/2

[Event "8. LGA Premium Cup 2011"]
[Site "Nürnberg"]
[Date "2011.09.10"]
[Round "5.12"]
[White "Huschenbeth, Niclas"]
[Black "Klein, David"]
[Result "1/2-1/2"]
[WhiteElo "2513"]
[BlackElo "2339"]
[PlyCount "54"]
[EventDate "2011.??.??"]
[WhiteTeam "Hamburger SK von 1830 eV"]
[BlackTeam "Hamburger SK von 1830 eV"]

1. e4 c5 2. Nf3 d6 3. d4 cxd4 4. Nxd4 Nf6 5. Nc3 a6 6. Bg5 e6 7. f4 h6 8. Bh4
Qb6 9. a3 Nc6 10. Bf2 Qc7 11. Qf3 Be7 12. Bd3 Nxd4 13. Bxd4 e5 14. Be3 exf4 15.
Qxf4 Be6 16. O-O-O Nd7 17. h4 Bf6 18. Nd5 Bxd5 19. exd5 Be5 20. Qf2 Nf6 21. Bb6
Ng4 22. Qg1 Qe7 23. Kb1 O-O 24. Bf5 h5 25. Bxg4 hxg4 26. Qe3 Rae8 27. g3 f5
1/2-1/2

[Event "8. LGA Premium Cup 2011"]
[Site "Nürnberg"]
[Date "2011.09.10"]
[Round "5.14"]
[White "Raykhman, Alexander"]
[Black "Farago, Ivan"]
[Result "1/2-1/2"]
[WhiteElo "2322"]
[BlackElo "2495"]
[PlyCount "27"]
[EventDate "2011.??.??"]
[WhiteTeam "OSG Baden-Baden"]
[BlackTeam "SC Rottal"]

1. d4 e6 2. c4 Nf6 3. Nf3 d5 4. Nc3 c5 5. cxd5 Nxd5 6. e4 Nxc3 7. bxc3 cxd4 8.
cxd4 Bb4+ 9. Bd2 Bxd2+ 10. Qxd2 O-O 11. Bc4 Nd7 12. O-O b6 13. Rfe1 Bb7 14.
Rad1 1/2-1/2

[Event "8. LGA Premium Cup 2011"]
[Site "Nürnberg"]
[Date "2011.09.10"]
[Round "5.15"]
[White "Zozulia, Anna"]
[Black "Lobzhanidze, Davit"]
[Result "1/2-1/2"]
[WhiteElo "2355"]
[BlackElo "2463"]
[PlyCount "48"]
[EventDate "2011.??.??"]
[WhiteTeam "SV Mülheim-Nord 1931 e"]
[BlackTeam "SV 1920 Hofheim"]

1. e4 c5 2. Nf3 d6 3. c3 Nf6 4. Be2 Nbd7 5. d3 b6 6. O-O Bb7 7. Nbd2 g6 8. Re1
Bg7 9. Bf1 O-O 10. d4 cxd4 11. cxd4 Rc8 12. b3 Qc7 13. Ba3 a6 14. Rc1 Qb8 15.
Bd3 Rxc1 16. Qxc1 Rc8 17. Qb1 b5 18. Rc1 Ne8 19. Bb4 Rxc1+ 20. Qxc1 Qa7 21. Bc3
e5 22. dxe5 dxe5 23. b4 Qb6 24. Qc2 Nc7 1/2-1/2

[Event "8. LGA Premium Cup 2011"]
[Site "Nürnberg"]
[Date "2011.09.10"]
[Round "5.16"]
[White "Lanka, Zigurds"]
[Black "Wagner, Dennis"]
[Result "0-1"]
[WhiteElo "2423"]
[BlackElo "2302"]
[PlyCount "92"]
[EventDate "2011.??.??"]
[WhiteTeam "TSV Schott Mainz"]
[BlackTeam "Kasseler SK 1876"]

1. e4 c5 2. Nf3 e6 3. Nc3 a6 4. d4 cxd4 5. Nxd4 Qc7 6. Bd3 Nf6 7. O-O d6 8. Qe2
Nbd7 9. Bd2 b6 10. f4 Bb7 11. Kh1 Be7 12. Rae1 Nc5 13. e5 Nfd7 14. Qh5 g6 15.
Qh6 Nxd3 16. cxd3 Nc5 17. f5 dxe5 18. fxe6 f6 19. Qg7 O-O-O 20. Ndb5 axb5 21.
Nxb5 Nxe6 22. Rc1 Nxg7 23. Rxc7+ Kb8 24. Rxe7 Nf5 25. Re6 Rxd3 26. Bb4 Ne3 27.
Rc1 Nd5 28. Bd6+ Ka8 29. Nc7+ Nxc7 30. Bxc7 Rc8 31. Re7 Rd2 32. Kg1 Rxg2+ 33.
Kf1 Rxb2 34. Rxh7 f5 35. a4 f4 36. Rc3 f3 37. Rf7 e4 38. a5 e3 39. Rxe3 Rxc7
40. Re8+ Rc8 41. Rxc8+ Bxc8 42. Rf8 Rc2 43. axb6 Kb7 44. Rxf3 Rxh2 45. Rf7+ Kb8
46. Rf8 g5 0-1

[Event "8. LGA Premium Cup 2011"]
[Site "Nürnberg"]
[Date "2011.09.10"]
[Round "5.17"]
[White "Ftacnik, Lubomir"]
[Black "Espig, Lutz"]
[Result "1/2-1/2"]
[WhiteElo "2564"]
[BlackElo "2285"]
[PlyCount "95"]
[EventDate "2011.??.??"]
[WhiteTeam "Hamburger SK von 1830 eV"]
[BlackTeam "SK König Plauen"]

1. d4 Nf6 2. Nf3 d6 3. c4 Nbd7 4. Nc3 g6 5. g3 Bg7 6. Bg2 O-O 7. O-O e5 8. h3
c6 9. e4 Re8 10. Be3 exd4 11. Nxd4 Nc5 12. Qc2 a5 13. Rad1 Qe7 14. Rfe1 Be6 15.
b3 Rad8 16. f4 Bc8 17. Bf2 h5 18. a3 Qc7 19. b4 axb4 20. axb4 Ne6 21. Nf3 Nf8
22. Na4 N8d7 23. Ng5 Nh7 24. h4 b6 25. Nc3 Ndf6 26. b5 Bb7 27. bxc6 Bxc6 28.
Qb1 Rb8 29. Bd4 Ng4 30. Bxg7 Kxg7 31. Qd3 Ba8 32. Qd4+ Kg8 33. Nb5 Qc5 34. Nxd6
Re7 35. Qxc5 bxc5 36. Rb1 Rd8 37. e5 Bxg2 38. Kxg2 f6 39. Nxh7 Kxh7 40. Rb7
Rxb7 41. Nxb7 Rd2+ 42. Kf3 Rd3+ 43. Ke2 Re3+ 44. Kd2 Rxe1 45. Kxe1 fxe5 46.
Nxc5 exf4 47. gxf4 Ne3 48. Ne6 1/2-1/2

[Event "8. LGA Premium Cup 2011"]
[Site "Nürnberg"]
[Date "2011.09.10"]
[Round "5.18"]
[White "Bindrich, Falko"]
[Black "Donchenko, Alexander"]
[Result "1-0"]
[WhiteElo "2554"]
[BlackElo "2281"]
[PlyCount "97"]
[EventDate "2011.??.??"]
[WhiteTeam "SC Eppingen"]
[BlackTeam "SK 1858 Gießen"]

1. c4 c5 2. Nf3 Nc6 3. Nc3 g6 4. g3 Bg7 5. Bg2 d6 6. O-O Nf6 7. d4 cxd4 8. Nxd4
Bd7 9. Nc2 O-O 10. b3 a6 11. Bd2 Rb8 12. a4 a5 13. Rc1 Be6 14. Ne3 Nb4 15. Nb5
Nd7 16. Qe1 Nc6 17. Rb1 Nc5 18. Nd5 b6 19. h4 Qd7 20. h5 Ne5 21. Bg5 Nc6 22.
Qd2 Bf5 23. Rbd1 Nxb3 24. Qe3 Bc2 25. h6 Be5 26. Nxe7+ Nxe7 27. Qxe5 dxe5 28.
Rxd7 Nf5 29. g4 Nfd4 30. Be7 Nc5 31. Ra7 Nxe2+ 32. Kh2 Bxa4 33. Bxf8 Rxf8 34.
Re1 Nd4 35. Nd6 Bc6 36. Bxc6 Nxc6 37. Rc7 Nd4 38. Kg3 Nde6 39. Ra7 Nd3 40. Rb1
f5 41. gxf5 gxf5 42. Rxb6 f4+ 43. Kf3 e4+ 44. Kxe4 Nxf2+ 45. Ke5 Nd8 46. Kd5
Nd1 47. Rg7+ Kh8 48. Rb8 Nc3+ 49. Ke5 1-0

[Event "8. LGA Premium Cup 2011"]
[Site "Nürnberg"]
[Date "2011.09.10"]
[Round "5.19"]
[White "Nuber, Blasius"]
[Black "Ikonnikov, Vyacheslav"]
[Result "1/2-1/2"]
[WhiteElo "2285"]
[BlackElo "2492"]
[PlyCount "117"]
[EventDate "2011.??.??"]
[WhiteTeam "SC Dillingen"]
[BlackTeam "SF Bad Mergentheim"]

1. e4 c5 2. b3 Nc6 3. Bb2 e5 4. Nf3 d6 5. Bb5 Nf6 6. Nc3 Be7 7. h3 O-O 8. O-O
Nd4 9. Bc4 a6 10. a4 Rb8 11. Re1 Bd7 12. Nxd4 cxd4 13. Nd5 Bc6 14. c3 b5 15.
axb5 axb5 16. Ra7 Bxd5 17. Bxd5 Nxd5 18. exd5 dxc3 19. dxc3 f5 20. Qh5 Rf7 21.
Rea1 e4 22. R1a6 g6 23. Qe2 Qe8 24. Ba3 Rc8 25. Bb4 Bf8 26. Rxf7 Kxf7 27. Qe3
Ra8 28. Qb6 Rxa6 29. Qxa6 Qd7 30. c4 bxc4 31. bxc4 f4 32. Qc6 Qe7 33. Kf1 f3
34. Bc3 fxg2+ 35. Kxg2 Qg5+ 36. Kf1 Qf5 37. Bd4 Qxh3+ 38. Ke1 Be7 39. Qc7 Qf5
40. Qb8 h5 41. Qh8 h4 42. Qh7+ Ke8 43. Qh8+ Kd7 44. Qa8 Bd8 45. c5 dxc5 46.
Bxc5 Ke8 47. Bb6 Qf6 48. Bxd8 Qxd8 49. Qc6+ Kf7 50. Qe6+ Kg7 51. Qxe4 h3 52.
Qe5+ Qf6 53. Qxf6+ Kxf6 54. Kf1 Ke5 55. Kg1 g5 56. f3 Kxd5 57. Kh2 Ke5 58. Kxh3
Kf4 59. Kg2 1/2-1/2

[Event "8. LGA Premium Cup 2011"]
[Site "Nürnberg"]
[Date "2011.09.10"]
[Round "5.20"]
[White "Bischoff, Klaus"]
[Black "Levushkina, Elena"]
[Result "1-0"]
[WhiteElo "2528"]
[BlackElo "2309"]
[PlyCount "97"]
[EventDate "2011.??.??"]
[WhiteTeam "Sportfreunde Katernberg 1913 e.V"]
[BlackTeam "SC Tarrasch 45 München"]

1. c4 e5 2. Nc3 Nf6 3. Nf3 Nc6 4. d3 g6 5. e3 Bg7 6. a3 d5 7. cxd5 Nxd5 8. Bd2
O-O 9. Be2 Nb6 10. b4 a6 11. Qc2 Bf5 12. Ne4 Nc8 13. O-O Nd6 14. Rfc1 Qe7 15.
Be1 Bc8 16. Nfd2 f5 17. Nc5 f4 18. Bf3 e4 19. dxe4 fxe3 20. fxe3 Bxa1 21. Qa2+
Nf7 22. Qxa1 Nce5 23. Be2 b6 24. Ncb3 Bg4 25. Bf1 Rad8 26. Bg3 c5 27. bxc5 bxc5
28. Qc3 c4 29. Nd4 Rc8 30. h3 Bd7 31. Rb1 Bc6 32. Rb6 Bb7 33. Ne6 Qf6 34. Qd4
Rfe8 35. Nc7 Qe7 36. Nxe8 Rxe8 37. Nxc4 Nc6 38. Qb2 Ncd8 39. e5 Bd5 40. Nd6
Nxd6 41. Rxd6 Be6 42. Bxa6 Nf7 43. Rb6 Qc5 44. Rb8 Rxb8 45. Qxb8+ Kg7 46. Qb2
Qxe3+ 47. Kh2 Qe4 48. Bb7 Qc4 49. Qb4 1-0

[Event "8. LGA Premium Cup 2011"]
[Site "Nürnberg"]
[Date "2011.09.10"]
[Round "5.21"]
[White "Bartsch, Berthold"]
[Black "Danin, Alexander"]
[Result "1/2-1/2"]
[WhiteElo "2213"]
[BlackElo "2542"]
[PlyCount "62"]
[EventDate "2011.??.??"]
[WhiteTeam "SC Forchheim e.V."]
[BlackTeam "SC Tornado Wuppertal 199"]

1. e4 c6 2. c4 d5 3. exd5 cxd5 4. cxd5 Nf6 5. Bb5+ Nbd7 6. Nc3 a6 7. Qa4 Rb8 8.
Bxd7+ Qxd7 9. Qxd7+ Bxd7 10. Nge2 Rd8 11. d4 Bf5 12. O-O Nxd5 13. Nxd5 Rxd5 14.
Be3 e6 15. Rfc1 Be7 16. f3 Rd7 17. Rc8+ Bd8 18. Rac1 O-O 19. Ng3 Bg6 20. Ne4
Bxe4 21. fxe4 Bb6 22. Kf2 Bxd4 23. R1c7 Rxc7 24. Rxc7 Bxb2 25. Rxb7 Be5 26. Ra7
f5 27. exf5 Rxf5+ 28. Ke2 Bxh2 29. Rxa6 Bf4 30. Rxe6 Bxe3 31. Rxe3 Ra5 1/2-1/2

[Event "8. LGA Premium Cup 2011"]
[Site "Nürnberg"]
[Date "2011.09.10"]
[Round "5.22"]
[White "Malakhatko, Vadim"]
[Black "Heidrich, Manfred"]
[Result "1-0"]
[WhiteElo "2542"]
[BlackElo "2259"]
[PlyCount "93"]
[EventDate "2011.??.??"]
[WhiteTeam "SV Mülheim-Nord 1931 e"]
[BlackTeam "SC Forchheim e.V."]

1. d4 f5 2. Nc3 Nf6 3. Bg5 d5 4. Bxf6 exf6 5. e3 Be6 6. Qf3 Qd7 7. Bb5 Nc6 8.
Nge2 O-O-O 9. Nf4 g6 10. O-O Bf7 11. Nd3 Qd6 12. Rfb1 Ne7 13. Nc5 Kb8 14. Bf1
Nc8 15. a4 Qe7 16. Ra3 Qe8 17. b4 Be7 18. a5 Qg8 19. a6 b6 20. Nb7 Rf8 21. Nb5
Nd6 22. Rc3 Rc8 23. Na5 bxa5 24. bxa5 Ka8 25. Rxc7 Nxb5 26. Rxe7 Qf8 27. Rxf7
Qxf7 28. Rxb5 Rhd8 29. c4 Rb8 30. Rxd5 Rxd5 31. cxd5 Rc8 32. d6+ Kb8 33. Qd1
Qa2 34. g3 Qxa5 35. Qb3+ Qb6 36. Qf7 Rd8 37. Qxh7 g5 38. Qxf5 Rxd6 39. Qe4 Kc7
40. h3 Kd8 41. Qh7 Rc6 42. Qg8+ Ke7 43. Qh7+ Kd8 44. Bc4 Qc7 45. Qg8+ Ke7 46.
Qf7+ Kd8 47. Qf8+ 1-0